Statistics for Football players who have played for Chelsea and PSG

Click here to take the quiz!

General Stats

  • This quiz has been taken 1,178 times
    (212 since last reset)
  • The average score is 4 of 11

Answer Stats

Years at ChelseaYears at PSGPlayer% Correct
2020-present2012-2020Thiago Silva
90%
2011-2014,2016-20192014-2016David Luiz
86%
2008-20121996-1997,2000-2002Nicolas Anelka
61%
2023-present2015-2019Christopher Nkunku
49%
2004-20122012-2014Alex
40%
2003-20082008-2011Claude Makelele
39%
2005-20072018-2019Lassana Diarra
24%
2000 (loan)1992-1995George Weah
21%
2004-20052008-2009 (loan),2009-2010Mateja Kežman
15%
1973-19791987Ray Wilkins
4%
2002-20032001 (loan)Enrique de Lucas
3%

Score Distribution

Percentile by Number Answered

Percent of People with Each Score

Your Score History

You have not taken this quiz since the last reset